000 00399nam a2200145 a 4500
001 000026691
005 20200930030345.0
008 110324s1955 dr 000 0 spa d
040 _aDO-SdBNP
_bspa
_cBNPHU
110 1 _aRepública Dominicana
_9447
245 1 0 _aConstitución de la República Dominicana.
260 _aSanto Domingo :
_b[s.n.],
_c1955.
300 _a52 p. ;
_c23 cm.
049 _aBNPD
999 _c26183
_d26183